|
|
|
|
| LEADER |
01139nam a2200289 a 4500 |
| 001 |
37980 |
| 003 |
BD-DhAAL |
| 005 |
20220306133441.0 |
| 008 |
220306t1986 nju b 000 0 eng |
| 999 |
|
|
|c 43661
|d 43661
|
| 010 |
|
|
|a 86050513
|
| 020 |
|
|
|a 0887381235
|
| 020 |
|
|
|a 0887386652 (pbk.)
|
| 040 |
|
|
|a DLC
|c DLC
|d DLC
|d BD-DhAAL
|
| 050 |
0 |
0 |
|a HG3881.5.W57
|b B48 1986
|
| 082 |
0 |
0 |
|a 332.1/532
|2 19
|
| 100 |
1 |
|
|a Feinberg, Richard E.
|9 46408
|
| 245 |
0 |
0 |
|a Between two worlds :
|b the World Bank's next decade /
|c Richard E. Feinberg and contributors, Gerald K. Helleiner ... [et al.].
|
| 260 |
|
|
|a New Brunswick (USA) :
|b Transaction Books,
|c c1986.
|
| 300 |
|
|
|a viii, 184 pages ;
|c 24 cm.
|
| 490 |
1 |
|
|a ODC policy perspectives ;
|v no. 7
|
| 504 |
|
|
|a Includes bibliographical references.
|
| 541 |
|
|
|a Donated by Akbar Ali Khan
|e 37980
|
| 610 |
2 |
0 |
|a World Bank.
|9 46409
|
| 830 |
|
0 |
|a U.S.-Third World policy perspectives ;
|v no. 7.
|9 46410
|
| 942 |
|
|
|2 ddc
|c BK
|
| 952 |
|
|
|0 0
|1 0
|2 ddc
|4 0
|6 332_153200000000000_FEI
|7 1
|9 69991
|a BRACUL
|b BRACUL
|c CS1
|d 2022-03-06
|e Donated by Dr. Akbar Ali Khan
|l 0
|o 332.1532 FEI
|p 3010037980
|r 2022-03-06
|t 1
|w 2022-03-06
|y BK
|